000 00361nam a2200157Ia 4500
003 Ost
005 20260225132546.0
008 260225s9999||||xx |||||||||||||| ||und||
040 _cfsic
041 _afre
082 _a440
100 _aAdebisi Afolayam
_eAuteur
245 0 _aYouba language and literature /
245 0 _cAdebisi Afolayam
942 _cكتاب
999 _c33845
_d33845